000 00965cam a22003137a 4500
003 CHAP
005 20220329134456.0
008 971013s1987 r 00010 d
010 _a20914
011 _a21886
035 _a25977
040 _cCHAP
082 _a080
_bC5 v.32
100 0 0 _aCetto, Ana María.
_921658
245 1 3 _aLa luz
_b: en la naturaleza y en el laboratorio
260 _aMéxico, D.F. :
_bF.C.E.,
_c1987
300 _a137 p.
_b: ilus.
490 3 _aLa ciencia desde México
_v; 32
590 _aBATCH-UPD
_b10
_c20130110
_lUCH01
_h1724
590 _aBATCH-UPD
_b10
_c20130410
_lUCH01
_h1107
590 _aBATCH-UPD
_b10
_c20130914
_lUCH01
_h1736
590 _aCONVERSION
_b10
_c20130109
_lUCH01
_h1312
650 1 4 _aLuz.
_969225
650 1 4 _aOptica.
_983381
830 3 _aLa ciencia desde México
_v; 32
_964199
901 _aBK
942 _cLIBRO
949 _a080 C5 v.32
_bBC
_cC
_d33724000485280
_eC
_gI. c/e
_h72132
_i25977
_mDirecto
_si
_t1166.00
999 _c20914
_d20914